| 000 | 00960nam a22002297a 4500 | ||
|---|---|---|---|
| 005 | 20250416124046.0 | ||
| 008 | 250416b |||||||| |||| 00| 0 eng d | ||
| 020 | _a81-7770-068-5 (pbk) | ||
| 037 | _cTB | ||
| 040 |
_aCRL _cCRL |
||
| 041 |
_2pun _apun |
||
| 084 |
_aQ8441:21z7 153P3 _qCRL |
||
| 245 |
_aਵਾਰ ਮਲਾਰ ਕੀ _b: ਬਹੁਪੱਖੀ ਅਧਿਅਨ |
||
| 260 |
_aਅੰਮ੍ਰਿਤਸਰ, ਭਾਰਤ: _bਗੁਰੂ ਨਾਨਕ ਦੇਵ ਉਨਿਵੇਰਸੀਟੀ, _c2003. |
||
| 300 | _a123 ਪ. | ||
| 365 |
_b125.00 _cINR |
||
| 650 | _aਧਰਮ | ||
| 650 |
_aਸਿੱਖ ਧਰਮ _9156314 |
||
| 700 |
_aਸਾਗਰ, ਸਬਿੰਦਰਜੀਤ ਸਿੰਘ (ਸਮਪਾਦਕ) _9162060 |
||
| 942 |
_2CC _cTB _hQ8441:21z7 153P3 _n0 |
||
| 999 |
_c1309049 _d1309049 |
||